000
00263nam a2200097Ia 4500
008
220204s9999 xx 000 0 und d
082
_a
336.7(035)
_b
COL
245
0
_a
Handbook of rupee companies
260
_a
Colombo
_b
Colombo Brokers' Association
_c
1945
942
_c
BK
999
_c
19806
_d
19806